000 00310nam a2200133Ia 4500
005 20251222152037.0
008 251222s9999||||xx |||||||||||||| ||spa||
082 _a809/G59
100 _aGogol. Nikolái
245 0 _aNochebuena
250 _a1ra. ed.
264 _bEditorial Espasa Calpe, S.A.
942 _cLIB
999 _c25879
_d25879